|
|
|
|
| LEADER |
00000nam0a2200000 4500 |
| 001 |
41900 |
| 005 |
20231101210720.0 |
| 010 |
|
|
|a 5925800435
|
| 035 |
|
|
|a (RuTPU)RU\TPU\book\43042
|
| 090 |
|
|
|a 41900
|
| 100 |
|
|
|a 20020704d2002 m y0rusy50 ca
|
| 101 |
1 |
|
|a rus
|c eng
|
| 102 |
|
|
|a RU
|
| 105 |
|
|
|a y z 000zy
|
| 200 |
1 |
|
|a Талибан. Война и религия в Афганистане
|e пер. с англ.
|f П. Марсден
|
| 210 |
|
|
|a Москва
|c Городец
|d 2002
|
| 215 |
|
|
|a 173 с.
|
| 606 |
1 |
|
|a Азиатские государства
|x Внутренняя политика
|2 stltpush
|3 (RuTPU)RU\TPU\subj\1569
|9 30327
|
| 606 |
1 |
|
|a Религия
|x В зарубежных странах
|2 stltpush
|3 (RuTPU)RU\TPU\subj\24956
|9 49220
|
| 610 |
1 |
|
|a политика
|
| 610 |
1 |
|
|a религии
|
| 610 |
1 |
|
|a Афганистан
|
| 610 |
1 |
|
|a войны
|
| 610 |
1 |
|
|a талибы
|
| 610 |
1 |
|
|a Талибан
|
| 610 |
1 |
|
|a радикальные партии
|
| 610 |
1 |
|
|a международный терроризм
|
| 686 |
|
|
|a Ф3(5Аф)
|v LBC/SL-A
|2 rubbk
|
| 686 |
|
|
|a Э29(5Аф)
|v LBC/SL-A
|2 rubbk
|
| 700 |
|
1 |
|a Марсден
|b П.
|g Питер
|
| 801 |
|
1 |
|a RU
|b 63413507
|c 20020704
|g PSBO
|
| 801 |
|
2 |
|a RU
|b 63413507
|c 20140317
|g PSBO
|
| 942 |
|
|
|c BK
|